[Event "TCh-AUT 2003-4"]
[Site "Graz AUT"]
[Date "2003.11.30"]
[Round "3"]
[White "Karner,C"]
[Black "Kotz,H"]
[Result "1/2-1/2"]
[WhiteElo "2352"]
[BlackElo "2354"]

1.d4 Nf6 2.Nf3 g6 3.c4 Bg7 4.Nc3 O-O 5.e4 d6 6.Be2 e5 7.O-O Nc6 8.d5 Ne7
9.Ne1 Nd7 10.Nd3 f5 11.Bd2 f4 12.Bg4 Nf6 13.Bxc8 Rxc8 14.f3 c6 15.Kh1 Kh8
16.Qb3 b5 17.cxb5 cxd5 18.exd5 Nf5 19.Rfe1 g5 20.Nf2 Qb6 21.Nfe4 Nd4 22.Qd1 Nxe4
23.Rxe4 Nxb5 24.Rb4 Nxc3 25.Bxc3 Qa6 26.h3 Rf7 27.Qb3 Rfc7 28.Rd1 Rc4 29.Rb7 R4c7
30.Rb5 Rc5 31.Rb7  1/2-1/2

[Event "TCh-SWE 2003-4"]
[Site "Malmo SWE"]
[Date "2003.11.30"]
[Round "5"]
[White "Barkhagen,J"]
[Black "Sandstrom,L"]
[Result "0-1"]
[WhiteElo "2480"]
[BlackElo "2357"]

1.d4 Nf6 2.c4 g6 3.Nc3 Bg7 4.e4 d6 5.Be2 O-O 6.Nf3 e5 7.O-O Nc6 8.d5 Ne7
9.Ne1 Ne8 10.Be3 f5 11.f3 Kh8 12.a4 Ng8 13.a5 f4 14.Bf2 h5 15.c5 g5 16.cxd6 cxd6
17.Nb5 a6 18.Nc3 Ngf6 19.Na4 Nd7 20.Ra3 Bh6 21.Qc2 Rg8 22.Rc3 Nef6 23.b4 g4
24.Kh1 g3 25.Bg1 gxh2 26.Bf2 h4 27.Kxh2 Nh5 28.Rh1 Ng3 29.Bxg3 fxg3+ 30.Kg1 b5
31.Nb2 Nf8 32.Rc7 Ng6 33.Nbd3 Bd7 34.Kf1 Rg7 35.Qc3 h3 36.gxh3 Nh4 37.Ng2 Qf6
38.Nde1 Rf8 39.Nxh4 Qxh4 40.Kg2 Bf4 41.Nd3 Rh7 42.Nxf4 Rxf4 43.Rxd7 Rxd7
44.Qc8+ Rd8 45.Qxa6 Rf7 46.Qb6 Qg5 47.Rc1 Rg8 48.Rc3 Rh7 49.f4 Qxf4 50.Qe3 Qh4
51.Bg4 Rxg4 52.Rc8+ Rg8  0-1

[Event "Kurent Women"]
[Site "Ptuj SLO"]
[Date "2003.12.01"]
[Round "2"]
[White "Todorovic,V"]
[Black "Srebrnic,A"]
[Result "0-1"]
[WhiteElo "2125"]
[BlackElo "2241"]

1.Nf3 Nf6 2.c4 g6 3.Nc3 Bg7 4.e4 d6 5.d4 O-O 6.Be2 e5 7.O-O Nc6 8.d5 Ne7
9.Bg5 h6 10.Bxf6 Bxf6 11.b4 Bg7 12.c5 f5 13.Nd2 Kh8 14.Nc4 Ng8 15.Rc1 Nf6
16.exf5 gxf5 17.cxd6 cxd6 18.Nb5 Ne8 19.Bh5 a6 20.Bxe8 axb5 21.Bxb5 Rxa2
22.Ba4 Bd7 23.b5 Be8 24.Qb3 Re2 25.b6 Bxa4 26.Qxa4 Rf7 27.Qa7 e4 28.Na5 Bd4
29.Nxb7 Qxb6 30.Qxb6 Bxb6 31.Nxd6 Rf8 32.Nc4 Bd8 33.d6 Kg7 34.d7 Ra2 35.Rfd1 Bg5
36.Ne3 f4 37.Nd5 e3 38.fxe3 fxe3 39.Rc8 Rd8 40.Nc7 e2 41.Re1 Be3+ 42.Kh1 Rxd7  0-1

[Event "Attila Schneder Mem"]
[Site "Budapest HUN"]
[Date "2003.12.05"]
[Round "5"]
[White "Jakab,A"]
[Black "Galyas,M"]
[Result "1/2-1/2"]
[WhiteElo "2420"]
[BlackElo "2435"]

1.d4 Nf6 2.c4 g6 3.Nc3 Bg7 4.e4 d6 5.Nf3 O-O 6.Be2 e5 7.O-O Nc6 8.d5 Ne7
9.b4 a5 10.Ba3 axb4 11.Bxb4 b6 12.a4 Re8  1/2-1/2

[Event "TCh-AUT B Mitte 2003-4"]
[Site "Trofaiach AUT"]
[Date "2003.12.06"]
[Round "3"]
[White "Kaspret,G"]
[Black "Freimueller,P"]
[Result "1-0"]
[WhiteElo "2319"]
[BlackElo "2154"]

1.c4 Nf6 2.Nf3 g6 3.Nc3 Bg7 4.e4 d6 5.d4 O-O 6.Be2 e5 7.O-O Nc6 8.d5 Ne7
9.Ne1 Nd7 10.Be3 f5 11.f3 f4 12.Bf2 Nf6 13.c5 g5 14.cxd6 cxd6 15.a4 Ng6 16.a5 Rf7
17.Nb5 g4 18.fxg4 Nxe4 19.Bxa7 Qh4 20.Bb6 Bd7 21.Nf3 Qe7 22.Nc7 Rc8 23.Ne6 Nf8
24.Bd3 Nc5 25.Bxc5 dxc5 26.Nfg5 Rf6 27.d6 Qe8 28.Nc7 Rxc7 29.dxc7 h6 30.Bc4+ Kh8
31.Qd5 Ng6 32.Rad1 Bxg4 33.Qd8 Rf8 34.Qxe8 Rxe8 35.Rd8 Rf8 36.Ne6  1-0

[Event "TCh-BEL 2003-4"]
[Site "Belgium BEL"]
[Date "2003.12.08"]
[Round "4"]
[White "Gregoir,C"]
[Black "Bernard,N"]
[Result "1/2-1/2"]
[WhiteElo "2266"]
[BlackElo "2180"]

1.d4 g6 2.c4 Bg7 3.Nf3 Nf6 4.Nc3 O-O 5.e4 d6 6.Be2 e5 7.O-O Nc6 8.d5 Ne7
9.b4 a5 10.Ba3 b6 11.bxa5 Rxa5 12.Bb4 Ra8 13.a4 Ne8 14.Qb3 Kh8 15.a5 c5 16.dxc6 Nxc6
17.axb6 Rxa1 18.Rxa1 Qxb6 19.Nd5 Qb8 20.Qa4 Nxb4 21.Rb1 Be6 22.Rxb4 Qd8 23.Qa7 Nf6
24.Bd3 Nd7 25.h4 h6 26.Bc2 Nc5 27.Ne3 f5 28.Qb6 fxe4 29.Qxd8 Rxd8 30.Nd2 d5
31.cxd5 Bxd5 32.Rb5 Bf7 33.Rxc5 Rxd2 34.Rc8+ Kh7 35.Bxe4 h5 36.g4 Rd4 37.f3 hxg4
38.Nxg4 Be6 39.Rc6 Bxg4 40.Bxg6+ Kg8 41.fxg4 Rxg4+ 42.Kf2 Rxh4 43.Kf3 Rf4+
44.Ke3 Bf6 45.Be4 Kg7 46.Rc2  1/2-1/2

[Event "It Resort and Casino"]
[Site "Decameron DOM"]
[Date "2003.12.10"]
[Round "8"]
[White "Ramirez,Al"]
[Black "De la Paz,F"]
[Result "1-0"]
[WhiteElo "2483"]
[BlackElo "2427"]

1.d4 Nf6 2.c4 g6 3.Nc3 Bg7 4.e4 d6 5.Nf3 O-O 6.Be2 e5 7.O-O Nc6 8.d5 Ne7
9.b4 c6 10.Rb1 Ne8 11.dxc6 bxc6 12.b5 Bg4 13.Be3 Nc7 14.bxc6 Nxc6 15.Nb5 Nxb5
16.cxb5 Nd4 17.Bxd4 exd4 18.Nxd4 Bxd4 19.Bxg4 Bc5 20.Be2 Rc8 21.Rc1 Re8 22.Bc4 Rxe4
23.Bxf7+ Kg7 24.Bd5 Rd4 25.Qf3 Qg5 26.Qf7+ Kh8 27.Rce1 Rf4 28.Re8+ Rxe8 29.Qxe8+ Kg7
30.Qd7+ Kh6 31.Bg8 Qe5 32.Qh3+ Qh5 33.Qxh5+ Kxh5 34.g3 Re4 35.Kg2 Kh6 36.Bd5 Rb4
37.Bc6 Rb2 38.a4 Ra2 39.h4 g5 40.hxg5+ Kxg5 41.Be8 Bb6 42.Bf7 Rxa4 43.Rh1 h6
44.f4+ Kf6 45.Bd5 Kg7 46.Re1 Rd4 47.Bc6 Rd2+ 48.Kh3 Kf6 49.Bd7 Rd3 50.Re6+ Kg7
51.f5 Be3 52.Rg6+ Kh7 53.Be6 Bg5 54.Bg8+ Kh8 55.Bc4 Rd4 56.Be6 Kh7 57.Rg8 Rb4
58.Ra8 Kg7 59.Rxa7+ Kf6 60.Rb7 h5 61.b6 Ke5 62.Rb8 d5 63.b7 Be7 64.Bc8 Bd6
65.Ra8 Rb3 66.Ra6 d4 67.f6 d3 68.f7 Bc5 69.Ra5 d2 70.Rxc5+  1-0

[Event "22nd SEA Games Standard"]
[Site "Ho Chi Minh City VIE"]
[Date "2003.12.13"]
[Round "9"]
[White "Bao Quang"]
[Black "Saelee,U"]
[Result "1-0"]
[WhiteElo "2341"]
[BlackElo "2130"]

1.d4 Nf6 2.c4 g6 3.Nf3 Bg7 4.Nc3 d6 5.e4 O-O 6.Be2 e5 7.O-O Nc6 8.d5 Ne7
9.Ne1 Nd7 10.Be3 f5 11.f3 f4 12.Bf2 g5 13.b4 Nf6 14.c5 Ng6 15.cxd6 cxd6 16.Rc1 Rf7
17.a4 h5 18.Nb5 a6 19.Na3 Bf8 20.Nc4 Nd7 21.a5 Rg7 22.Nd3 Qf6 23.Ndb2 Nh4
24.h3 g4 25.fxg4 Be7 26.Na4 Qh6 27.Nab6 Nxb6 28.Nxb6 hxg4 29.Rxc8+ Rxc8 30.Nxc8 gxh3
31.Nxe7+ Kf8 32.Bxh4 Qxh4 33.Nf5 Rxg2+ 34.Kh1 Qg5 35.Rg1 Rg3 36.Qc1  1-0

[Event "87th Marshall CCC"]
[Site "New York USA"]
[Date "2003.12.13"]
[Round "7"]
[White "Salman,J"]
[Black "Agaian,S"]
[Result "1-0"]
[WhiteElo "2234"]
[BlackElo "2162"]

1.d4 Nf6 2.c4 g6 3.Nc3 Bg7 4.e4 d6 5.Be2 O-O 6.Nf3 e5 7.O-O Nc6 8.d5 Ne7
9.Ne1 Nd7 10.f3 f5 11.g4 Nf6 12.Nd3 c5 13.Bd2 h6 14.h4 Qd7 15.Nf2 Rf7 16.Kg2 Bf8
17.a3 b6 18.b4 Rh7 19.Rh1 Ba6 20.Qa4 Qxa4 21.Nxa4 f4 22.Rhc1 Nc8 23.Nd3 Be7
24.Rab1 Bd8 25.bxc5 bxc5 26.Naxc5 dxc5 27.Nxc5 Bxc4 28.Bxc4 Nd6 29.Ba6 Bb6
30.Nd3 Nd7 31.Rc6 Nb8 32.Rxd6 Nxa6 33.Rxg6+  1-0

[Event "TCh-BEL2 2003-4"]
[Site "Belgium BEL"]
[Date "2003.12.14"]
[Round "1"]
[White "Sadkowsky,D"]
[Black "Wallart,A"]
[Result "1-0"]
[WhiteElo "2320"]
[BlackElo "2243"]

1.d4 Nf6 2.c4 g6 3.Nc3 Bg7 4.e4 d6 5.Nf3 O-O 6.Be2 e5 7.O-O Nc6 8.d5 Ne7
9.Nd2 c5 10.a3 Ne8 11.b4 b6 12.Nb3 f5 13.Bd2 Kh8 14.f3 Ng8 15.bxc5 bxc5 16.Bd3 f4
17.Ne2 g5 18.Na5 g4 19.Nc6 Qh4 20.Qe1 Qh5 21.fxg4 Bxg4 22.Nc3 Rf6 23.Be2 Rh6
24.h3 Bxe2 25.Qxe2 Qg5 26.Qf3 a6 27.Rab1 Nef6 28.Rb7 Nh5 29.Ne2 Bf6 30.Rfb1 Rf8
31.Rb8 Rf7 32.R1b7 Be7 33.Nd8 Rg7 34.Ne6 Rxe6 35.dxe6 Qh4 36.Bc3 Ng3 37.Nxf4 Qxf4
38.Qxf4 Ne2+ 39.Kh2 Nxf4 40.g3 Nxe6 41.Ra7 Ng5 42.Rxa6 Nxe4 43.Be1 h5 44.a4 Kh7
45.a5 Rf7 46.Kg2 Nh6 47.Raa8 d5 48.a6 Nf5 49.Rh8+ Kg7 50.Rag8+ Kf6 51.a7  1-0

[Event "II Open"]
[Site "San Salvador ESA"]
[Date "2003.12.14"]
[Round "9"]
[White "Mikhalevski,V"]
[Black "Golod,V"]
[Result "1-0"]
[WhiteElo "2548"]
[BlackElo "2544"]

1.d4 Nf6 2.c4 g6 3.Nc3 Bg7 4.e4 d6 5.Nf3 O-O 6.Be2 e5 7.O-O Nc6 8.d5 Ne7
9.b4 a5 10.Ba3 b6 11.bxa5 Nh5 12.Re1 Nf4 13.Bf1 f5 14.Nd2 Rxa5 15.Bb4 Ra8
16.a4 c5 17.dxc6 Nxc6 18.Ba3 Ne6 19.Nb3 Nc5 20.Qd5+ Be6 21.Qxc6 Nxb3 22.Rab1 Nd2
23.Rbd1 Nxf1 24.Rxd6 Qh4 25.Rxe6 Nxh2 26.Bxf8 Rxf8 27.Re8 Ng4 28.Nd1 Qh2+
29.Kf1 Qh1+ 30.Ke2 Qxg2 31.Qe6+ Kh8 32.Qf7 Qxe4+ 33.Ne3 h5 34.Rxf8+ Bxf8
35.Qxf8+ Kh7 36.Rd1  1-0

[Event "FSGM December"]
[Site "Budapest HUN"]
[Date "2003.12.18"]
[Round "13"]
[White "Drabke,L"]
[Black "Kayumov,S"]
[Result "1/2-1/2"]
[WhiteElo "2449"]
[BlackElo "2434"]

1.d4 Nf6 2.c4 g6 3.Nc3 Bg7 4.e4 d6 5.Nf3 O-O 6.Be2 e5 7.O-O Nc6 8.d5 Ne7
9.b4 Nh5 10.Re1 f5 11.Ng5 Nf6 12.Bf3 c6 13.Be3 h6 14.Ne6 Bxe6 15.dxe6 Nxe4
16.Nxe4 fxe4 17.Bxe4 d5 18.cxd5 cxd5 19.Bc5 dxe4 20.Qxd8 Rfxd8 21.Bxe7 Re8
22.Bc5 b6 23.Be3 Rxe6 24.a4  1/2-1/2

[Event "Open"]
[Site "Pamplona ESP"]
[Date "2003.12.21"]
[Round "2"]
[White "Pogorelov,R"]
[Black "Monje Peinado,R"]
[Result "1-0"]
[WhiteElo "2475"]
[BlackElo "2059"]

1.Nf3 Nf6 2.c4 g6 3.Nc3 Bg7 4.e4 d6 5.d4 O-O 6.Be2 e5 7.O-O Nc6 8.d5 Ne7
9.Ne1 Nd7 10.Be3 f5 11.f3 f4 12.Bf2 g5 13.a4 h5 14.a5 Nf6 15.c5 g4 16.cxd6 cxd6
17.Nb5 g3 18.Bxa7 gxh2+ 19.Kxh2 Ng6 20.Rh1 Ne8 21.Kg1 h4 22.Bb6 Qg5 23.Na7 Bd7
24.Bb5 Bxb5 25.Nxb5 Rf7 26.Rc1 Bf8 27.b4 Rh7 28.Rh3 Nh8 29.Rc2 Qg6 30.Qc1 Nf7
31.Rc8 Ng5 32.Rh2 Rxc8 33.Qxc8 Rg7 34.Kf1 h3 35.Nc3 hxg2+ 36.Rxg2 Qh5 37.Ke2 Nf6
38.Qf5 Ngxe4 39.Rxg7+ Kxg7 40.Qxh5 Nxc3+ 41.Kd3 Nxh5 42.Kxc3  1-0

[Event "TCh-BEL2 2003-4"]
[Site "Belgium BEL"]
[Date "2003.12.23"]
[Round "5"]
[White "Sadkowsky,D"]
[Black "Decoster,F"]
[Result "1-0"]
[WhiteElo "2320"]
[BlackElo "2115"]

1.d4 Nf6 2.c4 g6 3.Nc3 Bg7 4.e4 d6 5.Nf3 O-O 6.Be2 e5 7.O-O Nc6 8.d5 Ne7
9.Nd2 a5 10.a3 Nd7 11.Rb1 f5 12.b4 Kh8 13.Qc2 Ng8 14.exf5 gxf5 15.f4 Ne7
16.Nf3 e4 17.Ne1 axb4 18.axb4 Nf6 19.Be3 c6 20.Qd2 cxd5 21.cxd5 Bd7 22.Bd4 Qb8
23.Nc2 b5 24.Ne3 Qb7 25.Ra1 Kg8 26.g3 Kf7 27.Rfd1 Rfc8 28.Qb2 Rxa1 29.Rxa1 Ra8
30.Rxa8 Qxa8 31.Nxb5 Nexd5 32.Nxd6+ Kg6 33.Nec4 Be6 34.Ne5+ Kh6 35.Nef7+ Bxf7
36.Nxf7+ Kg6 37.Ne5+ Kh6 38.Bc4 Qb7 39.b5 Bf8 40.Qa1 Bd6 41.Qa6 Qc7  1-0

[Event "Harmonie"]
[Site "Groningen NED"]
[Date "2003.12.23"]
[Round "3"]
[White "Ernst,S"]
[Black "Nijboer,F"]
[Result "1/2-1/2"]
[WhiteElo "2474"]
[BlackElo "2577"]

1.d4 Nf6 2.c4 g6 3.Nc3 Bg7 4.e4 d6 5.Nf3 O-O 6.Be2 e5 7.O-O Nc6 8.dxe5 dxe5
9.Bg5 Qxd1 10.Rfxd1 Be6 11.Nd5 Nxe4 12.Nxc7 Rac8 13.Nxe6 fxe6 14.Be3 Rfd8
15.Bd3 Nf6 16.Ng5 Nb4 17.Be2 Nc2 18.Nxe6 Rxd1+ 19.Rxd1 Nxe3 20.fxe3 Bh6 21.Rd8+ Rxd8
22.Nxd8 Bxe3+ 23.Kf1 b6 24.Nc6 a5 25.Nxe5 Bd4 26.Nd3 Ne4 27.b3 Nc3 28.a4 Ne4
29.Bd1 g5 30.Ne1 Kf7 31.Ke2 Nc5 32.Nf3 Bf6 33.Ke3 h5 34.h3 h4 35.Nd4 Be5
36.Nc6 Ke6 37.b4 Bf4+ 38.Ke2 Kd6 39.b5 Ne4 40.Bc2 Nf6 41.Bf5 Bh2 42.Kd3 Nh5
43.Nd8 Nf4+ 44.Kc3 Ne2+ 45.Kd2 Nd4 46.Nb7+ Kc7 47.Be4 Bg1  1/2-1/2

[Event "ch-Arab m"]
[Site "Cairo EGY"]
[Date "2003.12.25"]
[Round "6"]
[White "Ayyad,M"]
[Black "Ahmed,Abdu"]
[Result "0-1"]
[WhiteElo "2092"]
[BlackElo "2291"]

1.d4 Nf6 2.Nf3 g6 3.c4 Bg7 4.Nc3 O-O 5.e4 d6 6.Be2 e5 7.O-O Nc6 8.d5 Ne7
9.b4 a5 10.bxa5 Rxa5 11.Nd2 c5 12.dxc6 bxc6 13.Nb3 Ra8 14.Qc2 Qc7 15.a4 Be6
16.Ba3 Rfd8 17.c5 d5 18.exd5 Nexd5 19.Nxd5 Nxd5 20.a5 e4 21.Bc4 Be5 22.h3 e3
23.Rae1 exf2+ 24.Rxf2 Bh2+ 25.Kh1 Bg3 26.Bb2 Bxf2 27.Qxf2 Qf4 28.Qe2 Nc3
29.Qc2 Qxc4  0-1

[Event "Harmonie"]
[Site "Groningen NED"]
[Date "2003.12.26"]
[Round "5"]
[White "Li Wenliang"]
[Black "Nijboer,F"]
[Result "0-1"]
[WhiteElo "2477"]
[BlackElo "2577"]

1.d4 g6 2.c4 Nf6 3.Nc3 Bg7 4.e4 d6 5.Nf3 O-O 6.Be2 e5 7.O-O Nc6 8.d5 Ne7
9.Nd2 a5 10.a3 Bd7 11.b3 c6 12.Bb2 Bh6 13.Rb1 Nc8 14.dxc6 Bxc6 15.Bd3 Nb6
16.b4 axb4 17.axb4 Bd7 18.Nb3 Na4 19.Nxa4 Bxa4 20.Bc3 b5 21.Qe2 bxc4 22.Bxc4 Bd7
23.Rfd1 Qb6 24.Qd3 Rac8 25.Be1 Bg4 26.b5 Bxd1 27.Rxd1 Ra8 28.Qf3 Kg7 29.Qe2 Rfc8
30.g3 Ra4 31.Bd3 Kg8 32.Nd2 d5 33.exd5 e4 34.Bb1 Re8 35.Nf1 Rd4 36.Ba2 Rxd1
37.Qxd1 e3 38.fxe3 Bxe3+ 39.Nxe3 Qxe3+ 40.Bf2 Qe2 41.Bb3 Qxd1+ 42.Bxd1 Ne4
43.Ba7 Nd6 44.Ba4 Re1+ 45.Kg2 Ra1 46.Bb8 Nxb5 47.Bxb5 Rb1 48.Bc6 Rxb8 49.d6 Kf8
50.d7 Ke7 51.Kf3 Rb3+ 52.Kf2 Rb2+  0-1

[Event "North American Open"]
[Site "Las Vegas USA"]
[Date "2003.12.26"]
[Round "1"]
[White "Ginsburg,M"]
[Black "Aldrich,D"]
[Result "0-1"]
[WhiteElo "2359"]
[BlackElo "2222"]

1.c4 Nf6 2.Nc3 g6 3.e4 d6 4.d4 Bg7 5.Nf3 O-O 6.Be2 e5 7.O-O Nc6 8.d5 Ne7
9.b4 a5 10.Ba3 Ne8 11.Nd2 f5 12.c5 axb4 13.Bxb4 dxc5 14.Bxc5 b6 15.Bb4 Rf7
16.a4 c5 17.Ba3 Ba6 18.Bxa6 Rxa6 19.Qe2 Ra8 20.Nc4 Nc8 21.f4 Qe7 22.Bb2 fxe4
23.fxe5 Rxf1+ 24.Rxf1 Bxe5 25.Nxe5 Qxe5 26.Nxe4 Qe7 27.d6  0-1

[Event "12th Donau Open"]
[Site "Aschach GER"]
[Date "2003.12.27"]
[Round "2"]
[White "Krivoshey,S"]
[Black "Neumeier,K"]
[Result "1-0"]
[WhiteElo "2495"]
[BlackElo "2280"]

1.d4 Nf6 2.c4 g6 3.Nc3 Bg7 4.e4 d6 5.Nf3 O-O 6.Be2 e5 7.O-O Nc6 8.d5 Ne7
9.Ne1 Nd7 10.Be3 f5 11.f3 f4 12.Bf2 g5 13.a4 Ng6 14.a5 Kh8 15.Nd3 Nf6 16.c5 Rg8
17.cxd6 cxd6 18.Nb5 g4 19.fxg4 Nxe4 20.Qc2 Bd7 21.Nxf4 exf4 22.Qxe4 Bxb5
23.Bxb5 a6 24.Bd3 Qg5 25.Qf5 Qxf5 26.Bxf5 Ne5 27.Rac1 Bf6 28.Rc7 Rg7 29.Rfc1 Re8
30.Rc8 Re7 31.Rxe8+ Rxe8 32.b3 Re7 33.Kf1 Kg7 34.Bb6 Nd7 35.Bc7 Be5 36.b4 Nf8
37.Bb6 h6 38.Rc8 Rf7 39.Ke2 f3+ 40.gxf3 Bxh2 41.Bd4+ Be5 42.Bxe5+ dxe5 43.d6 Kf6
44.Rc7 Ne6 45.Rxf7+ Kxf7 46.Kd3 Nd8 47.Kc4 Kf6 48.Be4  1-0

[Event "12th Donau Open"]
[Site "Aschach GER"]
[Date "2003.12.28"]
[Round "4"]
[White "Hertneck,G"]
[Black "Teske,H"]
[Result "1/2-1/2"]
[WhiteElo "2524"]
[BlackElo "2518"]

1.d4 Nf6 2.c4 g6 3.Nc3 Bg7 4.e4 d6 5.Be2 O-O 6.Nf3 e5 7.O-O Nc6 8.d5 Ne7
9.Ne1 Nd7 10.Be3 f5 11.f3 f4 12.Bf2 g5  1/2-1/2

[Event "12th Donau Open"]
[Site "Aschach GER"]
[Date "2003.12.28"]
[Round "4"]
[White "Schneider Zinner,H"]
[Black "Priborsky,I"]
[Result "1-0"]
[WhiteElo "2347"]
[BlackElo "2175"]

1.d4 Nf6 2.Nf3 g6 3.c4 Bg7 4.Nc3 O-O 5.e4 d6 6.Be2 e5 7.O-O Nc6 8.d5 Ne7
9.Bg5 h6 10.Bxf6 Bxf6 11.b4 Bg7 12.c5 f5 13.Nd2 Bd7 14.Rc1 h5 15.Nc4 Be8
16.f3 Bh6 17.Rb1 Nc8 18.Kh1 Bf4 19.g3 Bh6 20.exf5 gxf5 21.f4 exf4 22.gxf4 Qf6
23.Rb3 h4 24.c6 bxc6 25.dxc6 Bxc6+ 26.Bf3 Bxf3+ 27.Qxf3 Nb6 28.Nxb6 axb6
29.Nd5 Qf7 30.Re3 Rfe8 31.Re7 Rxe7 32.Nxe7+ Qxe7 33.Qxa8+ Kf7 34.a4 Qe4+
35.Qxe4 fxe4 36.a5 bxa5 37.bxa5 Bg7 38.Rc1 Ke6 39.Rc4 d5 40.a6 e3 41.a7 e2
42.Rc1  1-0

[Event "Harmonie"]
[Site "Groningen NED"]
[Date "2003.12.29"]
[Round "8"]
[White "Dambacher,M"]
[Black "Nijboer,F"]
[Result "0-1"]
[WhiteElo "2419"]
[BlackElo "2577"]

1.d4 Nf6 2.c4 g6 3.Nc3 Bg7 4.e4 d6 5.Nf3 O-O 6.Be2 e5 7.O-O Nc6 8.d5 Ne7
9.b4 Nh5 10.Re1 a5 11.bxa5 f5 12.Nd2 Nf6 13.c5 Rxa5 14.cxd6 cxd6 15.Nc4 Ra6
16.f3 b5 17.Ne3 Qa5 18.Bd2 b4 19.Nc4 Qd8 20.Nb5 fxe4 21.fxe4 Nxe4 22.Bxb4 Nf5
23.Bg4 Nf2 24.Kxf2 Nh6+ 25.Kg1 Nxg4 26.h3 Nf2 27.Qb3 e4 28.Nbxd6 Nxh3+ 29.gxh3 Rf3
30.Nxc8 Qg5+ 31.Kh1 Rxb3 32.Ne7+ Kh8 33.axb3 Rxa1 34.Rxa1 Bxa1 35.d6 Qg3  0-1

[Event "ch-AUS"]
[Site "Adelaide AUS"]
[Date "2003.12.31"]
[Round "3"]
[White "Bjelobrk,I"]
[Black "Boyd,T"]
[Result "1/2-1/2"]
[WhiteElo "2338"]
[BlackElo "2253"]

1.Nf3 Nf6 2.c4 g6 3.Nc3 Bg7 4.e4 d6 5.d4 O-O 6.Be2 e5 7.O-O Nc6 8.d5 Ne7
9.Ne1 Ne8 10.Nd3 f5 11.Bd2 Kh8 12.Rc1 Ng8 13.f4 exf4 14.Nxf4 Bd4+ 15.Kh1 Ng7
16.Bd3 Ne7 17.Qb3 Be5 18.Rce1 g5 19.Nh3 h6 20.exf5 Bxf5 21.Nf2 Ng6 22.Bxf5 Nxf5
23.Nd3 g4 24.Nxe5 Nxe5 25.Ne2 Qd7 26.Nf4 Rf7 27.Bc3 Rg8 28.Rxe5 dxe5 29.Bxe5+ Kh7
30.Qd3 Re8 31.Ne6 Rxe6 32.Rxf5 Rg6 33.Rxf7+ Qxf7 34.Bc3 Kg8 35.Kg1 Rg5 36.Qe4 Qg6
37.Qe1 g3 38.hxg3 Rxg3 39.Qe2 Rg4 40.c5 Qb1+ 41.Kf2 Qf5+ 42.Kg1 Qb1+ 43.Kf2 Qe4
44.Qxe4 Rxe4 45.b3 Kf7 46.Kf3 Re8 47.g4 Rg8 48.Be5 Rg5 49.Kf4 Ke7 50.b4 c6
51.d6+ Ke6 52.Bd4 Rd5 53.Ke4 h5 54.gxh5 Rxh5 55.Kd3 Rh2 56.a4 a5 57.bxa5 Ra2
58.Bc3 Rxa4 59.Bd2 Rh4 60.Be3 Rh5 61.Bd4 Rd5 62.Kc4 Kd7 63.Bc3 Kc8 64.Bb4 Kb8
65.Bc3 Ka7 66.Be1 Rd1 67.Bc3 Rd5 68.Be1 Kb8 69.Bc3 Kc8 70.Bd4 Kd7 71.Bc3 Ke6
72.Bd4 Kf5 73.Bc3 Ke4 74.Bf6 Kf5  1/2-1/2

[Event "ITAG"]
[Site "Basel SUI"]
[Date "2004.01.01"]
[Round "1"]
[White "Pelletier,Y"]
[Black "Jenni,F"]
[Result "1/2-1/2"]
[WhiteElo "2587"]
[BlackElo "2518"]

1.Nf3 Nf6 2.c4 g6 3.Nc3 Bg7 4.d4 O-O 5.e4 d6 6.Be2 e5 7.O-O Nc6 8.d5 Ne7
9.Bg5 Nd7 10.Nd2 f5 11.f3 f4 12.Bh4 g5 13.Bxg5 Bf6 14.Bxf6 Nxf6 15.g4 fxg3
16.hxg3 Nh5 17.Rf2 Kh8 18.Nf1 Nxg3 19.Nxg3 Rg8 20.Rg2 Bh3 21.Qe1 Bxg2 22.Kxg2 Ng6
23.Qh1 Nf4+ 24.Kf2 c6 25.c5 Qa5 26.Rg1 Qxc5+ 27.Kf1 Rg5 28.Qh6 Rag8 29.Qf6+ R8g7  1/2-1/2

[Event "ch-AUS"]
[Site "Adelaide AUS"]
[Date "2004.01.02"]
[Round "4"]
[White "Wright,N"]
[Black "Canfell,G"]
[Result "0-1"]
[WhiteElo "2149"]
[BlackElo "2279"]

1.d4 Nf6 2.c4 g6 3.Nc3 Bg7 4.e4 d6 5.Be2 O-O 6.Nf3 e5 7.O-O Nc6 8.d5 Ne7
9.b4 Nh5 10.Re1 f5 11.Ng5 Nf4 12.Bxf4 exf4 13.Rc1 Bf6 14.Ne6 Bxe6 15.dxe6 Bxc3
16.Rxc3 fxe4 17.Bg4 h5 18.Bxh5 gxh5 19.Qxh5 Qe8 20.Qg5+ Qg6 21.Qxe7 f3 22.g3 Rf6
23.h3 Re8 24.Qxc7 Rfxe6 25.Qxb7 Re5 26.Rce3 Qe6 27.Kh2 Qxc4 28.Qxa7 Qxb4
29.Rd1 Qa5 30.Qd7 Qxa2 31.Kg1 d5 32.Rc1 R5e7 33.Qg4+ Rg7 34.Qf4 Qb2 35.Rd1 Qe5
36.Qxe5 Rxe5 37.g4 Rh5 38.Kh2 Rxg4 39.Rg1 Rxh3+ 40.Kxh3 Rxg1 41.Ra3 Kf7 42.Ra6 Ke7  0-1

[Event "Premier"]
[Site "Hastings ENG"]
[Date "2004.01.04"]
[Round "8"]
[White "Epishin,V"]
[Black "Hebden,M"]
[Result "1/2-1/2"]
[WhiteElo "2658"]
[BlackElo "2560"]

1.c4 Nf6 2.d4 g6 3.Nc3 Bg7 4.e4 d6 5.Nf3 O-O 6.Be2 e5 7.O-O Nc6 8.d5 Ne7
9.b4 Nh5 10.Qc2 Kh8 11.a4 f5 12.Re1 Nf6 13.Bg5 Neg8 14.a5 a6 15.Bd3 Qd7 16.Bxf6 Nxf6
17.Ng5 fxe4 18.Ncxe4 Qe7 19.Nxf6 Bxf6 20.Ne4 c6 21.Nxf6 Rxf6 22.dxc6 bxc6
23.c5 Bf5 24.Bxf5 Rxf5 25.cxd6 Qxd6 26.Re4 Rd8 27.f3 Rf4 28.Rae1 Rxe4 29.Rxe4 Kg7
30.Kf1 Qd1+ 31.Qxd1 Rxd1+ 32.Ke2 Rd5 33.Rc4 Rd6 34.Ke3 Kf6 35.g3 Kf5 36.h3 h6
37.h4 g5 38.g4+ Kf6 39.hxg5+ hxg5 40.Rc1 Ke6 41.Rc2 Kd7 42.Ke4  1/2-1/2

[Event "ch-AUS"]
[Site "Adelaide AUS"]
[Date "2004.01.05"]
[Round "7"]
[White "Zhao Zong Yuan"]
[Black "Rogers,I"]
[Result "1/2-1/2"]
[WhiteElo "2398"]
[BlackElo "2574"]

1.d4 g6 2.c4 Bg7 3.Nf3 Nf6 4.Nc3 O-O 5.e4 d6 6.Be2 e5 7.O-O Nc6 8.d5 Ne7
9.b4 Nh5 10.Re1 f5 11.Ng5 Nf6 12.Bf3 Kh8 13.Bb2 Nfg8 14.c5 a5 15.cxd6 cxd6
16.b5 Nxd5 17.Nxd5 Qxg5 18.Nb6 fxe4 19.Bxe4 Bg4 20.f3 Bh3 21.Re2 Rae8 22.Qd2 Qd8
23.Qxa5 Be6 24.Bxb7 Nf6 25.Bc6 Nd5 26.Bxd5 Bxd5 27.Rd1 Bg8 28.Ba3 Re6 29.Nc4 Qxa5
30.Nxa5 Ra8 31.Bb4 d5 32.Rxd5 Rb6 33.Rc5 Bf8 34.Rexe5 Bxa2 35.Rc6 Rbb8 36.Bxf8 Rxa5
37.Bb4 Raxb5 38.Bc3 Rb1+ 39.Kf2 Kg8 40.Re7 R1b7 41.Rcc7 Rxc7 42.Rxc7 Bf7
43.h4 Re8 44.Kg3 h5 45.Kf4 Re6 46.Kg5 Re2 47.Kh6 Re6 48.g3 Re8 49.Rc6 Re3
50.Bd4 Re8 51.Bc3 Re7 52.g4 hxg4 53.fxg4 Re4 54.Rc8+ Re8 55.Rc7 Re4 56.Kg5 Re6
57.Bf6 Re2 58.Rc8+ Re8 59.Rc5 Re6 60.Kh6 Re4 61.Bg5 Re6 62.Bf4 Re4 63.Kg5 Re6
64.Be5 Re8 65.Bb2 Re6 66.Kh6 Re4 67.Ba3 Re3 68.Ra5 Be8 69.Ra8 Re4 70.Rb8 Re3
71.Bc5 Re4 72.Bd6 Re6 73.Bg3 Re3 74.Rxe8+ Rxe8 75.Kxg6 Re6+ 76.Kf5 Re3 77.Bh2 Rh3
78.h5 Kh7 79.Be5 Rh1 80.Bf4 Rh3  1/2-1/2

[Event "ch-AUS"]
[Site "Adelaide AUS"]
[Date "2004.01.10"]
[Round "11"]
[White "Szuveges,N"]
[Black "Boyd,T"]
[Result "0-1"]
[WhiteElo "1920"]
[BlackElo "2253"]

1.d4 Nf6 2.c4 g6 3.Nc3 Bg7 4.e4 d6 5.Nf3 O-O 6.Be2 e5 7.O-O Nc6 8.d5 Ne7
9.Ne1 Ne8 10.Nd3 f5 11.f3 f4 12.c5 h5 13.cxd6 cxd6 14.Nf2 g5 15.Bd2 Rf7 16.Qc2 Bf8
17.Rfc1 Ng6 18.Qd1 Rg7 19.Rc2 Nh8 20.Be1 Nf7 21.Rac1 a6 22.a4 Nh6 23.h3 Nf6
24.Ra1 g4 25.fxg4 hxg4 26.Bxg4 Nhxg4 27.Nxg4 Bxg4 28.hxg4 Nxg4 29.Qd3 Qg5
30.Nd1 Rh7 31.Bf2 Be7 32.Rac1 Rf8 33.Rc8 Bd8 34.Kf1 Ne3+ 35.Nxe3 fxe3 36.Rxd8 Rh1+
37.Ke2 Qg4+ 38.Kxe3 Qf4+  0-1

[Event "TCh-CZE Extraliga 2003-4"]
[Site "Czech Rep CZE"]
[Date "2004.01.10"]
[Round "5"]
[White "Jedlicka,A"]
[Black "Michalek,J"]
[Result "0-1"]
[WhiteElo "2301"]
[BlackElo "2396"]

1.d4 Nf6 2.c4 g6 3.Nc3 Bg7 4.e4 d6 5.Be2 O-O 6.Nf3 e5 7.O-O Nc6 8.Be3 Ng4
9.Bg5 f6 10.Bc1 Nh6 11.dxe5 dxe5 12.c5 Be6 13.Qa4 Nf7 14.Rd1 Qc8 15.Nd5 Re8
16.b4 a6 17.Bb2 f5 18.exf5 gxf5 19.Qb3 a5 20.b5 a4 21.Qc4 a3 22.Bc3 Nd4 23.Bxd4 exd4
24.c6 bxc6 25.Qxc6 Bxd5 26.Qxd5 Rxe2 27.Ng5 Re7 28.Re1 Rd7 29.Qc4 Bf6 30.Ne6 d3
31.Rad1 Kh8 32.Nc5 Nd6 33.Qxd3 Rf7 34.b6 cxb6 35.Ne6 Ne4 36.Nf4 Qc5 37.Rf1 Rd8
38.Qf3 Rg8 39.Rd5 Qc4 40.Qh5 Rfg7 41.Qxf5 Bd4 42.g3 Nxg3  0-1

[Event "ch-Commonwealth"]
[Site "Mumbai IND"]
[Date "2004.01.10"]
[Round "1"]
[White "Sharma,D"]
[Black "Chokshi,M"]
[Result "1-0"]
[WhiteElo "2373"]
[BlackElo "2248"]

1.d4 Nf6 2.c4 g6 3.Nc3 Bg7 4.e4 d6 5.Nf3 O-O 6.Be2 e5 7.O-O Nc6 8.d5 Ne7
9.b4 Nd7 10.Ba3 f5 11.Ng5 Nf6 12.Bf3 fxe4 13.Ncxe4 Nf5 14.Ne6 Bxe6 15.dxe6 Nd4
16.Nxf6+ Qxf6 17.Bxb7 Rab8 18.Bd5 Kh8 19.b5 Nxe6 20.Bb2 Nf4 21.Bc6 Qg5 22.g3 Nh3+
23.Kg2 Nf4+ 24.Kh1 Ne6 25.Bc1 Qe7 26.Be3 Nd4 27.Bd5 Rf5 28.Qa4 Rbf8 29.Qxa7 Nc2
30.Rac1 Nxe3 31.Qxe3 e4 32.Bxe4 Bh6 33.Qc3+ Bg7 34.Qc2 Re5 35.f3 g5 36.a4 g4
37.a5 gxf3 38.Bxf3 Re3 39.Bd5 Rxf1+ 40.Rxf1 Re1 41.Qf2 Rxf1+ 42.Qxf1 Bd4
43.a6 Kg7 44.a7 Bxa7 45.Qa1+ Qf6 46.Qxa7  1-0

[Event "ch-Commonwealth"]
[Site "Mumbai IND"]
[Date "2004.01.14"]
[Round "5"]
[White "Gokhale,J"]
[Black "Michelakis,G"]
[Result "0-1"]
[WhiteElo "2308"]
[BlackElo "2432"]

1.Nf3 Nf6 2.c4 g6 3.Nc3 Bg7 4.e4 d6 5.d4 O-O 6.Be2 e5 7.O-O Nc6 8.d5 Ne7
9.Nd2 a5 10.a3 Nd7 11.Rb1 f5 12.b4 Kh8 13.Qc2 Nf6 14.f3 c6 15.dxc6 Nxc6 16.Nb5 axb4
17.axb4 Be6 18.Bd3 f4 19.Rd1 g5 20.Be2 Qe7 21.Nf1 Rfd8 22.Qd2 Bf8 23.Bb2 Qg7
24.Ra1 Rxa1 25.Rxa1 g4 26.Qc3 Qg6 27.Nd2 Be7 28.Kh1 Rg8 29.c5 dxc5 30.bxc5 g3
31.Nc4 Qh5  0-1